STN EN 12697-42: 2013 (73 6160) [neplatná], Asfaltové zmesi. Skúšobné metódy pre asfaltové zmesi spracúvané za horúca Časť 42 Obsah cudzorodých látok v R-materiáli
Táto norma je EN 12697-42: 2012. slovenskou verziou európskej normy Preklad zabezpečil Slovenský ústav technickej normalizácie. Má rovnaké postavenie ako majú oficiálne verzie
| Other Authors: | |
|---|---|
| Format: | Book |
| Language: | Slovak English |
| PhysicalDescription: | 12 s. 30 cm |
| Published: |
Bratislava
Slovenský ústav technickej normalizácie
2013
|
| Subjects: |
MARC
| LEADER | 00000cam a2200000 a 4500 | ||
|---|---|---|---|
| 001 | vtls010509591 | ||
| 003 | SK-MaSNL | ||
| 005 | 20260301141916.0 | ||
| 008 | 160430s2013 xo f u 000 0 slo | ||
| 015 | |a SNBN2013 | ||
| 020 | |c (cen. skup.) | ||
| 040 | |a SNK |b slo |c SNK |e AACR2 | ||
| 041 | 1 | |a slo |h eng | |
| 044 | |a xo |c SK | ||
| 046 | |a m |m 20130501 (účin.) |n 20210701 (zruš.) | ||
| 072 | 7 | |a 665 |x Oleje. Tuky. Vosky. Spojivá. Živice |2 konspekt | |
| 072 | 7 | |a 625.7/.8 |x Cestné staviteľtvo |2 konspekt | |
| 080 | |a 665.775.4 |2 2001 | ||
| 080 | |a 006.7/.8 |2 2001 | ||
| 080 | |a (437.6) |2 2001 | ||
| 080 | |a (4) |2 2001 | ||
| 084 | |a 93.080.20 |2 ICS | ||
| 130 | 0 | |a STN 73 6160 (STN EN 12697-42) [neplatná] |9 496679 | |
| 245 | 1 | 0 | |a STN EN 12697-42: 2013 (73 6160) [neplatná], Asfaltové zmesi. Skúšobné metódy pre asfaltové zmesi spracúvané za horúca |n Časť 42 |p Obsah cudzorodých látok v R-materiáli |
| 246 | 1 | 0 | |a Asfaltové zmesi |
| 246 | 1 | 0 | |a Skúšobné metódy pre asfaltové zmesi spracúvané za horúca |
| 246 | 1 | 0 | |a Obsah cudzorodých látok v R-materiáli |
| 246 | 3 | 0 | |a EN 12697-42: 2012 E |
| 260 | |a Bratislava |b Slovenský ústav technickej normalizácie |c 2013 | ||
| 300 | |a 12 s. |c 30 cm | ||
| 500 | |a Súbežný názov v angličtine, francúzštine, nemčine | ||
| 500 | |a Táto norma nahrádza STN EN 12697-42 zo septembra 2007 v celom rozsahu | ||
| 500 | |a Norma je nahradená anglickou verziou normy STN EN 12697-42 z júla 2021, ktorú nahradila slovenská verzia normy STN EN 12697-42 z augusta 2021 v celom rozsahu | ||
| 500 | |a Spracovateľ: Ján Gillinger | ||
| 504 | |a Citované normy, súvisiace právne predpisy s. 2 | ||
| 520 | 8 | |a Táto norma je EN 12697-42: 2012. slovenskou verziou európskej normy Preklad zabezpečil Slovenský ústav technickej normalizácie. Má rovnaké postavenie ako majú oficiálne verzie | |
| 540 | |a STN vydané na akomkoľvek nosiči sa môžu rozmnožovať a rozširovať iba so súhlasom určenej právnickej osoby |b SÚTN Bratislava |c zákon 264/1999 Z. z. | ||
| 650 | 0 | 7 | |a asfaltové zmesi |2 SNKPH |9 51236 |
| 650 | 0 | 7 | |a technické normy a štandardy |z Slovensko |2 SNKPH |9 79594 |
| 650 | 0 | 7 | |a technické normy a štandardy |z krajiny Európskej únie |2 SNKPH |9 289341 |
| 650 | 0 | 7 | |a cestné staviteľstvo |2 SNKPH |9 51013 |
| 655 | 7 | |a normy |2 SNKPH |9 70643 | |
| 700 | 1 | |a Gillinger, Ján |4 trl |9 320900 | |
| 710 | 2 | |a Slovenský ústav technickej normalizácie (Bratislava, Slovensko) |b Technická komisia č. 94 Cestné staviteľstvo |4 stn |9 307007 | |
| 852 | |a Štátna vedecká knižnica v Banskej Bystrici | ||
| 958 | |a OP | ||
| 958 | |a NB | ||
| 999 | |c 768621 |d 770551 | ||
| 952 | |a SNK |b SNK |y PREZ |7 0 |p 17A1071820 |o snkSTN EN 12697-42 |i snk2013/12651 |8 0 |0 0 |1 0 |4 0 |d 2013-06-04 |l 0 |r 2026-02-24 00:26:54 |w 2026-02-24 | ||
| 952 | |a SNK |b SNK |y PREZ |7 0 |p 17A1071819 |o snkSTN EN 12697-42 D1 |i snk2013/12652 |8 0 |0 0 |1 0 |4 0 |d 2013-06-04 |l 0 |r 2026-02-24 00:26:54 |w 2026-02-24 | ||


